[Event "CHN-ch Gp-B (Women)"]
[Site "Liaocheng"]
[Date "2024.04.24"]
[Round "7"]
[White "Shi, Yige"]
[Black "Li, Hanyu1"]
[Result "1-0"]
[WhiteElo "1794"]
[BlackElo "1553"]
[PlyCount "121"]
[EventDate "2024.04.21"]
[EventType "swiss"]
[EventRounds "11"]
[EventCountry "CHN"]
[SourceTitle "CB18_2024"]
[SourceDate "2024.05.01"]
[SourceVersion "1"]
[SourceVersionDate "2024.05.01"]
[SourceQuality "2"]

1. d4 d5 2. c4 c6 3. Nc3 Nf6 4. Nf3 e6 5. e3 Nbd7 6. Qc2 Bd6 7. g4 dxc4 8. Bxc4 Qe7 9. Bd2 h6 10. Rg1 Nb6 11. Bb3 Bd7 12. e4 e5 13. g5 hxg5 14. dxe5 Bxe5 15. Rxg5 Bxc3 16. Bxc3 0-0-0 17. 0-0-0 Qxe4 18. Qxe4 Nxe4 19. Rxg7 Nxc3 20. bxc3 Rde8 21. Rxf7 Bg4 22. Rh1 c5 23. Rf4 Bxf3 24. Rxf3 Re2 25. h4 c4 26. Bc2 Nd5 27. h5 Rh6 28. Rh4 b5 29. a4 a6 30. axb5 axb5 31. Kb2 Kc7 32. Rf5 Kc6 33. Re4 Re6 34. Rxe2 Rxe2 35. h6 b4 36. cxb4 Nxb4 37. h7 Nxc2 38. h8Q Nd4+ 39. Kc3 Nxf5 40. Qc8+ Kd6 41. Qxf5 Re5 42. Qf4 Kd5 43. Qxc4+ Kd6 44. Kd4 Rf5 45. Qa6+ Ke7 46. Ke4 Rf6 47. Qb7+ Ke6 48. f4 Rf7 49. f5+ Kf6 50. Qb2+ Kg5 51. Qg2+ Kf6 52. Qg6+ Ke7 53. Ke5 Kf8 54. f6 Rc7 55. Qh6+ Kg8 56. Kf5 Rf7 57. Qe3 Rf8 58. Kg5 Rf7 59. Qe8+ Rf8 60. f7+ Kh8 61. Qxf8+ 1-0

[Event "CHN-ch Gp-B (Women)"]
[Site "Liaocheng"]
[Date "2024.04.23"]
[Round "6"]
[White "Wang, Zihan1"]
[Black "Shi, Yige"]
[Result "1/2-1/2"]
[WhiteElo "1587"]
[BlackElo "1794"]
[PlyCount "157"]
[EventDate "2024.04.21"]
[EventType "swiss"]
[EventRounds "11"]
[EventCountry "CHN"]
[SourceTitle "CB18_2024"]
[SourceDate "2024.05.01"]
[SourceVersion "1"]
[SourceVersionDate "2024.05.01"]
[SourceQuality "2"]

1. d4 Nf6 2. c4 e6 3. Nc3 Bb4 4. Qc2 d5 5. a3 Bxc3+ 6. Qxc3 0-0 7. Nf3 b6 8. e3 Bb7 9. b4 Nbd7 10. Bb2 Rc8 11. c5 c6 12. Bd3 Re8 13. 0-0 Nf8 14. Ne5 N6d7 15. f4 f6 16. Nf3 Nb8 17. Rf2 Ba6 18. Bc2 Nbd7 19. Kh1 Bc4 20. Nd2 b5 21. Nxc4 bxc4 22. e4 a5 23. g4 g6 24. f5 e5 25. Rd1 axb4 26. axb4 Qe7 27. exd5 cxd5 28. dxe5 Nxe5 29. g5 Qb7 30. Qd4 Qxb4 31. gxf6 Nf7 32. fxg6 hxg6 33. Rg1 Qxc5 34. Qxc5 Rxc5 35. Bxg6 Nxg6 36. Rxg6+ Kf8 37. Ba3 Rec8 38. Rfg2 Ne5 39. R6g5 Nd3 40. Rxd5 Kf7 41. Bxc5 Nxc5 42. Rc2 Ne6 43. Rc3 Kxf6 44. Ra5 Nd4 45. Ra4 Rg8 46. Rcxc4 Ne2 47. Rg4 Rd8 48. h3 Rd3 49. Kh2 Rc3 50. Rg2 Nc1 51. Rf4+ Ke5 52. Rf8 Ke6 53. h4 Ke7 54. Rf1 Nb3 55. Re2+ Kd7 56. Rd1+ Kc7 57. Rg2 Nc5 58. Rd4 Ne6 59. Re4 Kd7 60. Rd2+ Ke7 61. Rde2 Rc6 62. Kh3 Kf6 63. Kg4 Ng7 64. Ra2 Kg6 65. Ra5 Kh6 66. h5 Rc1 67. Ra6+ Kh7 68. h6 Rg1+ 69. Kf3 Nf5 70. Rb4 Nxh6 71. Rb7+ Rg7 72. Rxg7+ Kxg7 73. Kf4 Nf7 74. Rb6 Nd8 75. Kf5 Kf7 76. Ra6 Ke7 77. Rb6 Kf7 78. Rb8 Ke7 79. Rb6 1/2-1/2

[Event "CHN-chT (Women)"]
[Site "Qingdao"]
[Date "2024.04.07"]
[Round "6.2"]
[White "Zhang, Bohan1"]
[Black "Shi, Yige"]
[Result "1-0"]
[WhiteElo "1751"]
[BlackElo "1794"]
[PlyCount "101"]
[EventDate "2024.04.02"]
[EventType "team-swiss"]
[EventRounds "9"]
[EventCountry "CHN"]
[SourceTitle "CB16_2024"]
[SourceDate "2024.04.17"]
[SourceVersion "1"]
[SourceVersionDate "2024.04.17"]
[SourceQuality "1"]
[WhiteTeam "Shenzhen (W)"]
[BlackTeam "Shandong (W)"]
[WhiteTeamCountry "CHN"]
[BlackTeamCountry "CHN"]

1. d4 Nf6 2. c4 e6 3. Nc3 Bb4 4. Qc2 0-0 5. a3 Bxc3+ 6. Qxc3 b6 7. Nf3 Bb7 8. e3 d5 9. Be2 Nbd7 10. 0-0 c5 11. dxc5 Nxc5 12. b4 Nce4 13. Qb3 Ba6 14. Nd4 Bb7 15. Rd1 Rc8 16. f3 Nd6 17. cxd5 exd5 18. Nb5 Nxb5 19. Bxb5 Qe7 20. Bb2 Rc7 21. Rac1 Rfc8 22. Rxc7 Rxc7 23. Bd4 Nd7 24. Qb2 f6 25. Ba4 Ba6 26. b5 Bb7 27. Bb3 Nc5 28. Ba2 Kf8 29. Qb4 Ne6 30. Bc3 Nc5 31. Kf2 Rd7 32. Qd4 Ke8 33. Bb4 Qe5 34. h3 g5 35. Rd2 Qe7 36. Bc3 Rd6 37. Rc2 Qd7 38. a4 a6 39. bxa6 Bxa6 40. Bb4 Qxa4 41. Rd2 Qb5 42. Bc3 h5 43. Kg3 Bb7 44. e4 g4 45. Bxd5 gxh3 46. Bf7+ Kxf7 47. Qxd6 Nxe4+ 48. fxe4 Qg5+ 49. Kh2 Bxe4 50. Qd7+ Kg6 51. Qe8+ 1-0

[Event "CHN-chT (Women)"]
[Site "Qingdao"]
[Date "2024.04.03"]
[Round "2.2"]
[White "Shi, Yige"]
[Black "Ren, Xiaoyi"]
[Result "0-1"]
[WhiteElo "1794"]
[BlackElo "2075"]
[PlyCount "38"]
[EventDate "2024.04.02"]
[EventType "team-swiss"]
[EventRounds "9"]
[EventCountry "CHN"]
[SourceTitle "CB16_2024"]
[SourceDate "2024.04.17"]
[SourceVersion "1"]
[SourceVersionDate "2024.04.17"]
[SourceQuality "1"]
[WhiteTeam "Shandong (W)"]
[BlackTeam "Chengdu (W)"]
[WhiteTeamCountry "CHN"]
[BlackTeamCountry "CHN"]

1. d4 f5 2. Nf3 Nf6 3. c4 g6 4. g3 Bg7 5. Bg2 0-0 6. 0-0 d6 7. Nc3 Nc6 8. d5 Ne5 9. Nxe5 dxe5 10. e4 e6 11. dxe6 Bxe6 12. b3 c6 13. Qe2 f4 14. gxf4 exf4 15. Bxf4 Ng4 16. Bd2 Bd4 17. Rac1 Bxf2+ 18. Kh1 Qh4 19. h3 Qg3 0-1

[Event "CHN-ch U14 Girls"]
[Site "Shanghai"]
[Date "2024.02.18"]
[Round "6"]
[White "Shi, Yige"]
[Black "Gao, Muziyan"]
[Result "1-0"]
[WhiteElo "1545"]
[BlackElo "1808"]
[PlyCount "99"]
[EventDate "2024.02.16"]
[EventType "swiss"]
[EventRounds "11"]
[EventCountry "CHN"]
[SourceTitle "CB09_2024"]
[SourceDate "2024.02.28"]
[SourceVersion "1"]
[SourceVersionDate "2024.02.28"]
[SourceQuality "1"]

1. d4 Nf6 2. c4 e6 3. Nc3 Bb4 4. Qc2 d5 5. cxd5 exd5 6. Bg5 h6 7. Bh4 c6 8. e3 0-0 9. Bd3 Re8 10. Nf3 Be7 11. 0-0 Ne4 12. Bxe7 Qxe7 13. Ne5 Nd7 14. Nxe4 dxe4 15. Bxe4 Nxe5 16. dxe5 Qxe5 17. Bh7+ Kh8 18. Bd3 Be6 19. Bc4 Qg5 20. Bxe6 Rxe6 21. Rfd1 Rae8 22. Rd7 Rg6 23. g3 Re7 24. Rad1 Qe5 25. Rxe7 Qxe7 26. Qd3 Kh7 27. Qf5 Kg8 28. Rd7 Qe8 29. Rxb7 Rd6 30. Rxa7 g6 31. Qf4 Rd1+ 32. Kg2 Kg7 33. a4 Qe6 34. Ra5 Rd5 35. Rxd5 Qxd5+ 36. Qf3 Qc4 37. b4 g5 38. h3 c5 39. bxc5 Qxc5 40. Qe4 Qa5 41. Qc6 Qf5 42. Qa8 h5 43. a5 h4 44. g4 Qe5 45. a6 f5 46. a7 fxg4 47. Qb7+ Kg6 48. Qc6+ Kg7 49. Qd7+ Kf6 50. Qd4 1-0

[Event "CHN-ch U12 Girls"]
[Site "Shenzhen"]
[Date "2023.08.02"]
[Round "11"]
[White "Fang, Yiwen"]
[Black "Shi, Yige"]
[Result "1/2-1/2"]
[WhiteElo "1182"]
[BlackElo "1401"]
[PlyCount "42"]
[EventDate "2023.07.28"]
[EventType "swiss"]
[EventRounds "11"]
[EventCountry "CHN"]
[SourceTitle "CBM 215 Extra"]
[Source "ChessBase"]
[SourceDate "2023.09.30"]
[SourceVersion "1"]
[SourceVersionDate "2023.09.30"]
[SourceQuality "1"]

1. d4 Nf6 2. Bf4 c5 3. e3 Qb6 4. Nc3 a6 5. Na4 Qa5+ 6. Nc3 d5 7. Qd2 e6 8. Ne4 Qxd2+ 9. Nxd2 cxd4 10. exd4 Nc6 11. c3 b5 12. Ngf3 Bd7 13. Ne5 Rc8 14. Nxd7 Kxd7 15. h3 Bd6 16. Bxd6 Kxd6 17. Bd3 Rb8 18. a4 bxa4 19. Rxa4 Rxb2 20. Rxa6 Rc8 21. Ke2 Ke7 1/2-1/2

[Event "CHN-chT (Women)"]
[Site "Hangzhou"]
[Date "2023.05.23"]
[Round "5.2"]
[White "Shi, Yige"]
[Black "Ning, Duan"]
[Result "1-0"]
[WhiteElo "1247"]
[BlackElo "1498"]
[PlyCount "121"]
[EventDate "2023.05.19"]
[EventType "team-swiss"]
[EventRounds "9"]
[EventCountry "CHN"]
[SourceTitle "CBM 214 Extra"]
[Source "ChessBase"]
[SourceDate "2023.07.31"]
[SourceVersion "1"]
[SourceVersionDate "2023.07.31"]
[SourceQuality "1"]
[WhiteTeam "Shandong (W)"]
[BlackTeam "Guangdong (W)"]
[WhiteTeamCountry "CHN"]
[BlackTeamCountry "CHN"]

1. d4 d5 2. c4 c6 3. Nc3 Nf6 4. Nf3 dxc4 5. a4 a5 6. e3 Bg4 7. Bxc4 e6 8. h3 Bh5 9. g4 Bg6 10. Ne5 Be4 11. Rg1 h6 12. Qb3 Bb4 13. Bd2 Bxc3 14. Bxc3 Qc7 15. Ke2 Nbd7 16. Bxe6 Nxe5 17. dxe5 Nd5 18. Bf5 Bxf5 19. gxf5 Rg8 20. Kf3 Ke7 21. Bd4 b6 22. Bc3 Rad8 23. e4 Nxc3 24. Qxc3 g5 25. Rac1 Rc8 26. Rgd1 Rgd8 27. Ke3 c5 28. Rd5 Qc6 29. Qc4 Rd7 30. Rcd1 Rcd8 31. b3 Qb7 32. Rxd7+ Rxd7 33. Rxd7+ Qxd7 34. Qd5 Qc7 35. f6+ Ke8 36. Qd6 Qb7 37. f3 h5 38. Kd3 b5 39. axb5 Qxb5+ 40. Kc3 Qb4+ 41. Kc2 Qb7 42. Qxc5 Qd7 43. Kc3 Qd8 44. Qc6+ Kf8 45. Qd6+ Ke8 46. Qxd8+ Kxd8 47. Kd4 Kd7 48. Kd5 Ke8 49. e6 Kf8 50. e5 Ke8 51. exf7+ Kxf7 52. Kd6 h4 53. Kd7 Kf8 54. e6 Kg8 55. e7 Kf7 56. e8Q+ Kxf6 57. Qe6+ Kg7 58. Ke8 Kh7 59. Kf7 a4 60. Qg6+ Kh8 61. Qg7# 1-0

[Event "CHN-ch sf (Women)"]
[Site "Hefei"]
[Date "2023.04.25"]
[Round "6"]
[White "Xue, Shixuan"]
[Black "Shi, Yige"]
[Result "1-0"]
[WhiteElo "1692"]
[BlackElo "1170"]
[PlyCount "52"]
[EventDate "2023.04.23"]
[EventType "swiss"]
[EventRounds "11"]
[EventCountry "CHN"]
[SourceTitle "CBM 214 Extra"]
[Source "ChessBase"]
[SourceDate "2023.07.31"]
[SourceVersion "1"]
[SourceVersionDate "2023.07.31"]
[SourceQuality "1"]

1. e4 c5 2. Nc3 Nc6 3. g3 g6 4. Bg2 Bg7 5. d3 e6 6. Be3 d6 7. Nge2 Nge7 8. d4 cxd4 9. Nxd4 a6 10. 0-0 Ne5 11. b3 Qa5 12. Na4 0-0 13. c4 Qc7 14. f4 Nd7 15. Rc1 Nc5 16. b4 Nxa4 17. Qxa4 Bd7 18. Qb3 Qb8 19. Rfd1 e5 20. Nf3 Bg4 21. Qd3 f5 22. fxe5 fxe4 23. Qxe4 Bxf3 24. Bxf3 Bxe5 25. c5 dxc5 26. Bxc5 Qd8 1-0

[Event "CHN-chTB"]
[Site "Hefei"]
[Date "2023.04.17"]
[Round "1"]
[White "Shi, Yige"]
[Black "Wang, Shanshan"]
[Result "1/2-1/2"]
[WhiteElo "1170"]
[BlackElo "2043"]
[PlyCount "75"]
[EventDate "2023.04.17"]
[EventType "team-swiss"]
[EventRounds "9"]
[EventCountry "CHN"]
[SourceTitle "EXT 2024"]
[Source "ChessBase"]
[SourceDate "2023.10.10"]
[SourceVersion "1"]
[SourceVersionDate "2023.10.10"]
[SourceQuality "1"]
[WhiteTeam "Shandong"]
[BlackTeam "Chongqing Qilin"]
[WhiteTeamCountry "CHN"]
[BlackTeamCountry "CHN"]

1. d4 Nf6 2. c4 g6 3. Nc3 d5 4. cxd5 Nxd5 5. e4 Nxc3 6. bxc3 Bg7 7. Be3 c5 8. Nf3 Nc6 9. Qd2 Qa5 10. Rb1 cxd4 11. cxd4 Qxd2+ 12. Kxd2 e6 13. Bd3 0-0 14. Rhc1 f5 15. d5 Ne5 16. Nxe5 Bxe5 17. f4 fxe4 18. fxe5 exd3 19. d6 Rf7 20. Rf1 Rxf1 21. Rxf1 Bd7 22. Rf6 a5 23. Kxd3 Kg7 24. Bb6 a4 25. a3 Rc8 26. Bc7 g5 27. g3 h5 28. h4 gxh4 29. gxh4 Rf8 30. Rxf8 Kxf8 31. Bb6 Kf7 32. Ke3 Kg6 33. Ke4 Bc6+ 34. Kf4 Bd7 35. Ke4 Bc6+ 36. Kf4 Bd7 37. Ke4 Bc6+ 38. Kf4 1/2-1/2